| 000 | 00778nam a22001577a 4500 | ||
|---|---|---|---|
| 003 | OSt | ||
| 005 | 20150918180042.0 | ||
| 008 | 150918b xxu||||| |||| 00| 0 eng d | ||
| 040 | _cRUA | ||
| 082 | _aAGR TEA 2006 BO33 Or.1 | ||
| 100 |
_9810 _aTEA, CHHARATH |
||
| 245 | _aEfffect of rice baran and soybean powder to oyster mushroom grown at of royal university of agriculture's crop station,(ឥទ្ធិពលកន្ទក់ និងម្សៅសណ្តែកសៀង នៅលើដំណាំផ្សិតអំបោះ នៅស្ថានីយ៍ពិសោធន៍ដំណាំសាកលវីទ្យាល័យភូមិន្ធកសិកម្ម). | ||
| 260 |
_aphnom phen _bRUA _c2006 |
||
| 300 |
_aXII, 45P. _bill. _c29cm. |
||
| 942 |
_2ddc _cAGR |
||
| 999 |
_c782 _d782 |
||